La cosa juzgada: (Registro nro. 158555)

Detalles MARC
000 -LEADER
fixed length control field 01925nam a2200253 i 4500
008 - FIXED-LENGTH DATA ELEMENTS--GENERAL INFORMATION
fixed length control field 100326s2010 sp c 001 0 spa d
020 ## - INTERNATIONAL STANDARD BOOK NUMBER
International Standard Book Number 9788498498653
035 ## -
-- 5342
040 ## - CATALOGING SOURCE
Original cataloging agency Dykinson
Modifying agency vLex
090 ## -
-- 13
-- 13
100 1# - MAIN ENTRY--PERSONAL NAME
Personal name Tapia Fernández, Isabel.
245 13 - TITLE STATEMENT
Title La cosa juzgada:
Remainder of title estudio de jurisprudencia civil /
Statement of responsibility, etc Isabel Tapia Fernández
Medium [Recurso electrónico]
256 ## -
-- Servicio en línea
260 ## - PUBLICATION, DISTRIBUTION, ETC. (IMPRINT)
Place of publication, distribution, etc Madrid :
Name of publisher, distributor, etc Dykinson,
Date of publication, distribution, etc 2010.
300 ## - PHYSICAL DESCRIPTION
Extent 270 p.
500 ## - GENERAL NOTE
General note Este libro no pretende tratar de modo exhaustivo la compleja institución de la cosa juzgada. Existen en la literatura jurídica, patria y extranjera, excelentes trabajos sobre el tema, que abordan las cuestiones de concepto y de aplicación de los mismos a los múltiples problemas que sobre la cosa juzgada se plantean.La finalidad del trabajo ha sido tratar de esclarecer la doctrina que de la cosa juzgada vierten los Tribunales de Justicia al resolver concretos problemas. Los casos resueltos por los Tribunales en los que se debatía sobre la cosa juzgada revelan una literatura acerca de esa institución confusa y prolija, en ocasiones sin distinciones claras de conceptos ni matizaciones. Deslindar esa jurisprudencia, sistematizarla, y comentar críticamente dichos contenidos ha sido el objeto final de una obra que pretende servir de guía a los aplicadores del Derecho.
506 1# - RESTRICTIONS ON ACCESS NOTE
Terms governing access Contenido solo disponible en los productos indicados
Authorized users vLex Global
-- vLex Global (Academic Edition, excluding Law Schools)
-- vLex Global (U.S. Academic Edition, Law Schools)
-- vLex Global (U.S. Academic Edition, excluding Law Schools)
-- vLex Global (Academic Edition, Law Schools)
650 #4 - SUBJECT ADDED ENTRY--TOPICAL TERM
Topical term or geographic name as entry element Derecho Procesal
650 #4 - SUBJECT ADDED ENTRY--TOPICAL TERM
Topical term or geographic name as entry element Derecho civil
740 0# -
-- vLex Libros (Servicios en línea)
856 40 - LOCALIZACIÓN Y ACCESO ELECTRÓNICO
Identificador Uniforme del Recurso (URI/URL) https://app.vlex.com/#/sources/cosa-juzgada-estudio-jurisprudencia-civil-5342
942 ## -
-- RAA
999 ## -
-- 158555
-- 158555

No hay ítems disponibles.


CONTACTO


NOSOTROS


SITIOS DE INTERES

coordinacion.biblioteca.biblioteca@unienlinea.mx Misión, Visión y Objetivos Bases de datos
Directorio Bibliotecas Digitales y Repositorios
Normatividad Revistas y artículos
Convenios interbibliotecarios
Boletines



Hecho en México. Universidad Insurgentes (UIN). Todos los derechos reservados 2024. Esta página y sus contenidos pueden ser reproducidos con fines no lucrativos, siempre y cuando no se mutile, se cite la fuente completa y su dirección electrónicas. De otra forma requiere permiso previo por escrito de la institución




2024 Copyright Universidad Insurgentes | www.bibliouin.com.mx